| 000 | 01154cam a22002774a 4500 | ||
|---|---|---|---|
| 999 |
_c1285 _d1285 |
||
| 003 | OSt | ||
| 005 | 20210625065739.0 | ||
| 008 | 210625b ||||| |||| 00| 0 eng d | ||
| 020 | _a9781405144094 | ||
| 020 | _a1405144092 | ||
| 020 | _a9781405144100 | ||
| 020 | _a1405144106 | ||
| 035 | _a246887190 | ||
| 040 | _cALUPE UNIVERSITY | ||
| 050 | 0 | 0 |
_aHF5813.U6 _A6196 2009 |
| 082 | 0 | 0 |
_659.1/0420973 _222 |
| 245 | 0 | 0 |
_aAdvertising and society : _bcontroversies and consequences / _cedited by Carol J. Pardun. |
| 260 |
_aChichester, U.K. ; _aMalden, MA : _bWiley-Blackwell, _c2009. |
||
| 300 |
_axii, 209 p. : _bill. ; _c24 cm. |
||
| 504 | _aIncludes bibliographical references and index. | ||
| 650 | 0 |
_aAdvertising _xSocial aspects _0http://id.loc.gov/authorities/subjects/sh85001172 _zUnited States. _0http://id.loc.gov/authorities/names/n78095330 |
|
| 650 | 0 |
_aAdvertising, Political _zUnited States. _0http://id.loc.gov/authorities/subjects/sh2007100692 |
|
| 650 | 0 |
_aAdvertising _zUnited States. _0http://id.loc.gov/authorities/subjects/sh2007100691 |
|
| 700 | 1 |
_aPardun, Carol J. _0http://id.loc.gov/authorities/names/n2008062765 |
|
| 942 |
_2lcc _cBK _nMM |
||